Gaming Quiz

Random Gaming or Bible Quiz
Score 0/39 Timer 12:00
1 Play Today
% Correct
Jumper Cables
91.4%
Missing No.
91.4%
Mitre
88.6%
Mega Blast
85.7%
Aries
85.7%
Guppy's Tail
85.7%
Spoon Bender
85.7%
Cone Head
85.7%
Gimpy
85.7%
The Parasite
85.7%
Ball of Tar
85.7%
The Book of Belial
82.9%
9 Volt
82.9%
Abaddon
82.9%
Rubber Cement
82.9%
Sack Head
82.9%
Monstro's Lung
82.9%
Stem Cells
82.9%
Mom's Contacts
80%
Experimental Treatment
80%
% Correct
Dead Onion
80%
SMB Super Fan
80%
Marrow
80%
Number One
80%
Technology
80%
Death's Touch
80%
Squeezy
77.1%
Mr. Mega
77.1%
Dead Dove
77.1%
Placenta
74.3%
Maw of the Void
71.4%
Godhead
71.4%
Less Than Three
68.6%
Capricorn
68.6%
MEAT!
65.7%
Spider Baby
65.7%
Pyromaniac
65.7%
Infestation
60%
Scatter Bombs
60%

You're not logged in!

Compare scores with friends on all Sporcle quizzes.
OR
Log In

Sporcle TV

Today on Sporcle TV


Watch our educational content, quiz creation guides, and fun videos on Sporcle TV.

Show Comments

Extras

Top Quizzes Today


Score Distribution

Paid Content

Your Account Isn't Verified!

In order to create a playlist on Sporcle, you need to verify the email address you used during registration. Go to your Sporcle Settings to finish the process.

Report this User

Report this user for behavior that violates our Community Guidelines.

Details: